00372nam a2200121Ia 45000010005000000080041000050820026000461000062000722450064001342600010001989010027002089990015002352381241024s9999 xx 000 0 und d aRD/370.97293/R426an/1 aRepública Dominicana.Ministerio de Educación (MINERD) 0aAnálisis documentos y textos integrados del nivel inicial b[s.n] a20/8/2012 1:47:27 p.m. c9107d9107